000 00754cam a2200253 a 4500
001 BD-DhSAU 3716
003 BD-DhSAU
005 20150209112328.0
008 830504s2005 II a rb 001 0 eng
020 _a812033017X
040 _aBD-DhSAU
082 0 0 _a631.42
_222
_bSOI
100 1 _a Havlin, John L.
245 1 0 _aSoil fertility and fertilizers :
_cJohn L. Havlin [et..al]
_bAn introduction to nutrient management /
250 _a7th ed.
260 _aNew delhi :
_aPrentice-hall of india ,
_cc2005.
300 _ax, 515 p.:
_bill. ;
_c23 cm.
504 _aInclude bibliographical references and index.
590 _aIMRAN
650 0 _aFertilizers.
650 0 _aSoil fertility.
650 0 _aCrops
_xNutrition.
650 0 _aSoil science.
942 _2ddc
_cBOOK
999 _c3716
_d3716